000 01339nam2a22002291 4500
001 v19\rc\1516314
005 20250618193937.0
035 _a(NLR Aleph) 004681980
090 _a3819721
_c3819721
100 _a20060620d1903 |||y0rusy50 ca
101 0 _arus
102 _aRU
105 _aa z |||||
200 0 _aXXXIV очередного созыва 1902 года
210 _d1903
_aБ. м.
215 _aРазд. паг., 12 л. табл.
461 0 _1001v19\rc\1516296
_12001#$aОтчеты, доклады, сметы и раскладки Кишиневской уездной земской управы и постановления Уездного земского собрания ...$fКишиневское земство$vXXXIV очередного созыва 1902 года
_93819489
_aКишиневская уездная земская управа
_cКишинев
_d1885-1915
_fКишиневское земство
_tОтчеты, доклады, сметы и раскладки Кишиневской уездной земской управы и постановления Уездного земского собрания ...
_vXXXIV очередного созыва 1902 года
801 0 _aRU
_bNLR
_gpsbo
801 1 _aRU
_bProSoft-M
_2rusmarc
852 _aNLR
_bЗем
_j3-1/О-1
942 _cBOOK
980 _aNB